House of Lords judgments (Record no. 120682)
[ view plain ]
| 000 -LEADER | |
|---|---|
| fixed length control field | 01418cai a22002055a 4500 |
| 001 - CONTROL NUMBER | |
| control field | L144610 |
| 008 - FIXED-LENGTH DATA ELEMENTS--GENERAL INFORMATION | |
| fixed length control field | 080730u xxk g v 000 0 eng d |
| 035 ## - SYSTEM CONTROL NUMBER | |
| System control number | (Sirsi) u144610 |
| 041 0# - LANGUAGE CODE | |
| Language code of text/sound track or separate title | eng |
| 110 2# - MAIN ENTRY--CORPORATE NAME | |
| Corporate name or jurisdiction name as entry element | United Kingdom Parliament |
| Subordinate unit | House of Lords |
| 9 (RLIN) | 3232 |
| 245 00 - TITLE STATEMENT | |
| Title | House of Lords judgments |
| 520 ## - SUMMARY, ETC. | |
| Summary, etc. | The House of Lords is the highest court of law in the UK- the supreme court of appeal. It acts as the final court on points of law for the whole of the United Kingdom in civil cases; and for England, Wales and Northern Ireland in criminal cases. Its decisions bind all courts below. Lists in full-text all House of Lords judgments delivered since 14 November 1996 until 30 July 2009. The judgments take the form of the Law Lords' speeches, called "opinions". They are the equivalent of a judge's reasoned judgment in the lower courts. |
| 520 ## - SUMMARY, ETC. | |
| Summary, etc. | The powers of the House of Lords as highest court of law in the UK were transferred to the United Kingdom Supreme Court (see E148529) in June 2009. Judgments of the Supreme Court begin in August 2009. |
| 590 ## - LOCAL NOTE (RLIN) | |
| Local note | KA |
| 651 #4 - SUBJECT ADDED ENTRY--GEOGRAPHIC NAME | |
| Geographic name | United Kingdom |
| Chronological subdivision | 1973- |
| 690 ## - LOCAL SUBJECT ADDED ENTRY--TOPICAL TERM (OCLC, RLIN) | |
| Topical term or geographic name as entry element | LAW |
| 856 40 - ELECTRONIC LOCATION AND ACCESS | |
| Uniform Resource Identifier | <a href="https://www.publications.parliament.uk/pa/ld/ldjudgmt.htm">https://www.publications.parliament.uk/pa/ld/ldjudgmt.htm</a> |
| Public note | View the judgements free of charge at www.publications.parliament.uk... |
| 856 40 - ELECTRONIC LOCATION AND ACCESS | |
| Uniform Resource Identifier | <a href="https://www.supremecourt.gov.uk/">https://www.supremecourt.gov.uk/</a> |
| Public note | View the Supreme Court judgments free of charge at www.supremecourt.gov.uk |
| 942 ## - ADDED ENTRY ELEMENTS (KOHA) | |
| Suppress in OPAC | 0 |
| Withdrawn status | Lost status | Source of classification or shelving scheme | Damaged status | Not for loan | Home library | Current library | Shelving location | Date acquired | Total Checkouts | Full call number | Barcode | Date last seen | Copy number | Price effective from | Koha item type |
|---|---|---|---|---|---|---|---|---|---|---|---|---|---|---|---|
| Dewey Decimal Classification | Virtual | Virtual | Online | 30/07/2008 | ONLINE PUBLICATION | 144610-1001 | 06/08/2019 | 1 | 06/08/2019 | Online material |